Online Catalogue and eLibrary

Women and governance in South Asia : (Record no. 286)

MARC details
000 -LEADER
fixed length control field 00525cam a2200181 a 4500
001 - CONTROL NUMBER
control field 13310237
005 - DATE AND TIME OF LATEST TRANSACTION
control field 20240205231708.0
008 - FIXED-LENGTH DATA ELEMENTS--GENERAL INFORMATION
fixed length control field 030417s2002 ce b i000 0 eng
020 ## - INTERNATIONAL STANDARD BOOK NUMBER
ISBN 9555800707
040 ## - CATALOGING SOURCE (பட்டியலாக்க மூலம்)
Original cataloging agency DLC
Transcribing agency DLC
Modifying agency DLC
082 ## - DDC Classification
DDC Edition Number 22
Class No. 306
245 00 - TITLE STATEMENT
Title Women and governance in South Asia :
Remainder of title re-imagining the state /
Statement of responsibility, etc. edited by Yasmin Tambiah.
260 ## - PUBLICATION, DISTRIBUTION, ETC.
Place of publication, distribution, etc. Colombo :
Name of publisher, distributor, etc. International Centre for Ethnic Studies,
Date of publication, distribution, etc. 2002.
300 ## - PHYSICAL DESCRIPTION
Extent (e.g. Volumes, Pages etc.) xiii, 497 p. ;
650 #0 - SUBJECT ADDED ENTRY--TOPICAL TERM
Topical term or geographic name entry element Women
700 1# - ADDED ENTRY--PERSONAL NAME
Personal name Tambiah, Yasmin.
Relator term (Role) Editor
942 ## - Koha item type (Biblio)
Koha item type Books in Stacks (Lending)
Holdings
Lost status Damaged status Collection code Home library Current library Date acquired Full call number Accession Number Item type
    Lending WERC Library WERC Library 02/06/2024 306 6263 Books in Stacks (Lending)

© WERC Library